Les 102 premières cartes Yu-Gi-Oh! sortis en Europe (2002) - Statistiques

Statistiques générales
  • Ce quiz a été pris 10 fois
  • Le résultat moyen est 32 sur 102
Statistiques - réponses
Par images Réponse % Correct
Dragon Blanc aux Yeux Bleus
100%
Magicien Sombre
100%
Crâne Serviteur
63%
Dragon Noir aux Yeux Rouges
63%
Elfe Mystique
63%
Gaia le Chevalier Implacable
63%
Monster Reborn
63%
Trou Noir
63%
Aqua Madoor
50%
Bras droit de l'Interdit
50%
Bras Gauche de l'Interdit
50%
Dragon à Trois Cornes
50%
Épées de Révélation de la Lumière
50%
Éxodia l'Interdit
50%
Fissure
50%
Forêt
50%
Gardien Celte
50%
Insecte Mangeur d'Hommes
50%
Jambe droite de l'Interdit
50%
Jambe Gauche de l'Interdit
50%
Malédiction du Dragon
50%
Oiseau au Crâne Rouge
50%
Petit Dragon
50%
Polymérisation
50%
Raigeki
50%
Soldat Géant de Pierre
50%
Stop Défense
50%
Trappe
50%
Umi
50%
Uraby
50%
Ame Hinotama
38%
Croc Argenté
38%
Déchireur de Cartes
38%
Dissolveroc
38%
Électrofouet
38%
Épée Légendaire
38%
Esprit de la Harpe
38%
Etincelles
38%
Fireyarou
38%
Gaïa le Dragon Champion
38%
Jarre de Capture du Dragon
38%
Lézard Bavant
38%
Loup Fleuri
38%
Médicament Rouge
38%
Ninja Armé
38%
Piège Supprimé
38%
Plante de Feu
38%
Tigre Tortue
38%
Trésor de Dragon
38%
Tyhone
38%
Yami
38%
Anthracite
25%
Dragon Inférieur
25%
Dragon Métallique
25%
Fantôme Spirituel
25%
Flamme Ultime
25%
Goule Fossoyeur
25%
Insecte Élémentaire
25%
Kagémusha de la Flamme Bleue
25%
La 13ème Tombe
25%
Lune Mystique
25%
Mangeur d'Hommes
25%
Manipulateur de Flammes
25%
Misairuzamé
25%
Nemuriko
25%
Roi Fantôme Vert
25%
Sirène Envoûtante
25%
Sogen
25%
Suit le Vent
25%
Terra le Terrible
25%
Aqua Racine
13%
Armaill
13%
Armure Canon-Laser
13%
Attaque en Double Fourche
13%
Chevalier Succubus
13%
Cristal Violet
13%
Crocs Démoniaques
13%
Cuirasse Epaisse
13%
Dragon du Feu Noir
13%
Énergie Sombre
13%
Épines des Ténèbres
13%
Germes Ignobles
13%
Livre d'Arts Secrets
13%
Oeuf de Monstre
13%
Ogre d'Acier N°1
13%
Reflet Infernal N°2
13%
Remède Secret du Gobelin
13%
Seadra Perçant
13%
Terre Dévastée
13%
Usine de Convertisseurs
13%
Arc et Flèches d'Argent
0%
Bête au Fil Tendu
0%
Charubin le Chevalier de Feu
0%
Chauve-Souris Meda
0%
Élévateur de Chaleur Corporelle
0%
Étoile de Mer Cuirassée
0%
Fantôme de Flamme
0%
Kumootoko
0%
Le Furieux Roi des Mers
0%
Rayon et Température
0%
Roi Sombre des Abysses
0%
Seigneur des Ténèbres à Deux Bouches
0%
Aucun quiz correspondant
Distribution des résultats
% des personnes avec chaque résultat
Percentile par nombre de réponses
Votre historique - résultats
Vous n’avez pas pris ce quiz